Algebra superior y cálculo simplificado

Bibliographic Details
Main Author: Gondin, William
Format: Section = Libro
Language:Undetermined
Spanish
Published: México A.I.D 1965
Subjects:
LEADER 00524nam a2200193Ia 4500
008 240829s9999 xx 000 0 und d
040 |a BIBLIOTECA-RUPAP 512.159 G637 
041 |a spa 
082 |a 512.159 G637 
100 1 |a Gondin, William 
245 1 0 |a Algebra superior y cálculo simplificado 
260 |a México  |b A.I.D  |c 1965 
300 |a 223 p. :il. 
650 7 |a ALGEBRA 
650 7 |b  ECUACIONES 
650 7 |c  ANALISIS VECTORIAL. I. Sohmer, Bernard, coaut. II. Tít. 
942 |c BK  |2 ddc 
991 |a TEXTO 
999 |c 7458